[Event "BL 0607 OSC Baden Baden - SC Eppingen"]
[Site "?"]
[Date "2007.02.04"]
[Round "9.7"]
[White "Mann, Christian"]
[Black "Schlosser, Philipp"]
[Result "1/2-1/2"]
[WhiteElo "2457"]
[BlackElo "2554"]
[PlyCount "96"]
[EventDate "2007.??.??"]

1. e4 c5 2. c3 Nf6 3. e5 Nd5 4. Nf3 e6 5. d4 cxd4 6. cxd4 d6 7. Bc4 Nb6 8. Bd3
Bd7 9. Nc3 Bc6 10. O-O N8d7 11. Qe2 Rc8 12. Re1 dxe5 13. dxe5 Nc5 14. Bc2 Nd5
15. Nxd5 Bxd5 16. b3 Be7 17. Bb2 O-O 18. Rad1 Qa5 19. Bb1 Rfd8 20. Nd4 a6 21.
Qh5 g6 22. Qg4 Nd7 23. h4 Bf8 24. h5 Bg7 25. f4 Qb4 26. Re3 Nb8 27. hxg6 hxg6
28. Bxg6 fxg6 29. Qxg6 Qe7 30. f5 Nd7 31. f6 Nxf6 32. exf6 Qxf6 33. Qg4 Rf8 34.
Rg3 Rc7 35. Ba1 Qf2+ 36. Kh2 Qf4 37. Qxf4 Rxf4 38. Re1 Rh4+ 39. Kg1 Rh6 40. Nf3
Kf8 41. Bxg7+ Rxg7 42. Rxg7 Kxg7 43. Kf2 Kf6 44. Re2 Rh7 45. Rc2 Rh1 46. Ke3
Ra1 47. Rf2 Kf5 48. Ne1+ Kg4 1/2-1/2

[Event "BL 0607 SC Bann - TV Tegernsee"]
[Site "?"]
[Date "2007.02.04"]
[Round "9.3"]
[White "Khenkin, Igor"]
[Black "Jirovsky, Milos"]
[Result "1/2-1/2"]
[WhiteElo "2620"]
[BlackElo "2492"]
[PlyCount "81"]
[EventDate "2007.??.??"]

1. d4 d5 2. c4 e6 3. Nc3 Nf6 4. cxd5 exd5 5. Bg5 Nbd7 6. e3 c6 7. Bd3 Be7 8. h3
O-O 9. Qc2 Re8 10. Nf3 Nf8 11. O-O Ne4 12. Bf4 Nxc3 13. bxc3 Bd6 14. Bxd6 Qxd6
15. c4 dxc4 16. Bxc4 Be6 17. Rab1 Re7 18. Rfc1 Rc8 19. Rb3 Rec7 20. Rc3 Bxc4
21. Rxc4 Ne6 22. Qf5 f6 23. Nh4 Qd5 24. Qg4 Kf7 25. Nf5 g6 26. Ng3 b5 27. R4c2
c5 28. Qe4 Qd7 29. Qh4 cxd4 30. Qxh7+ Ng7 31. Rxc7 Rxc7 32. Rxc7 Qxc7 33. exd4
Qc1+ 34. Nf1 Qc4 35. Ne3 Qxa2 36. Ng4 Qa1+ 37. Kh2 Qxd4 38. Nh6+ Ke6 39. Qg8+
Kd6 40. Qf8+ Kc6 41. Qxg7 1/2-1/2

[Event "BL 0607 SC Bann - TV Tegernsee"]
[Site "?"]
[Date "2007.02.04"]
[Round "9.6"]
[White "Lazarev, Vladimir"]
[Black "Kindermann, Stefan"]
[Result "1/2-1/2"]
[WhiteElo "2522"]
[BlackElo "2532"]
[PlyCount "74"]
[EventDate "2007.??.??"]

1. d4 d5 2. c4 c6 3. Nf3 Nf6 4. e3 a6 5. Nbd2 Bf5 6. Qb3 Qc7 7. Bd3 e6 8. Qc2
Bxd3 9. Qxd3 Be7 10. O-O O-O 11. e4 dxe4 12. Nxe4 Nxe4 13. Qxe4 Nd7 14. b3 a5
15. Bb2 a4 16. Rfd1 Bf6 17. g3 Rfd8 18. Qe2 Qa5 19. Qc2 Nf8 20. Bc3 Qh5 21. Kg2
Qg6 22. Qe2 Qf5 23. Rac1 Ng6 24. h3 h5 25. Qc2 Qxc2 26. Rxc2 axb3 27. axb3 Ne7
28. Rcd2 Ra3 29. Rb1 Rda8 30. Bb4 Ra2 31. Rbd1 Nf5 32. g4 hxg4 33. hxg4 Nh4+
34. Nxh4 Bxh4 35. Rxa2 Rxa2 36. Rd2 Rxd2 37. Bxd2 Be7 1/2-1/2

[Event "BL 0607 SC Bann - TV Tegernsee"]
[Site "?"]
[Date "2007.02.04"]
[Round "9.7"]
[White "Hertneck, Gerald"]
[Black "Bunzmann, Dimitri"]
[Result "0-1"]
[WhiteElo "2520"]
[BlackElo "2530"]
[PlyCount "74"]
[EventDate "2007.??.??"]

1. e4 e6 2. d4 d5 3. Nc3 Bb4 4. e5 c5 5. a3 Bxc3+ 6. bxc3 Ne7 7. Qg4 Qc7 8.
Qxg7 Rg8 9. Qxh7 cxd4 10. Ne2 Nbc6 11. f4 Bd7 12. Qd3 dxc3 13. Rb1 d4 14. Nxd4
Nxd4 15. Qxd4 Nf5 16. Qf2 Bc6 17. Rg1 O-O-O 18. Qxa7 Qd7 19. Qa8+ Kc7 20. Qa5+
Kb8 21. Qxc3 Be4 22. Be3 Rc8 23. Qd2 Rgd8 24. Qxd7 Rxd7 25. Kf2 Rxc2+ 26. Be2
Rd3 27. Bc1 Rdc3 28. Rd1 Rxe2+ 29. Kxe2 Bxb1 30. Rd8+ Kc7 31. Bd2 Rxa3 32. Rf8
Bd3+ 33. Kf2 Ra2 34. Rxf7+ Kc6 35. Ke1 Ra1+ 36. Bc1 Be4 37. Kd2 Ra2+ 0-1

[Event "BL 0607 SC Bann - TV Tegernsee"]
[Site "?"]
[Date "2007.02.04"]
[Round "9.8"]
[White "Dolezal, Radoslav"]
[Black "Teske, Henrik"]
[Result "1/2-1/2"]
[WhiteElo "2422"]
[BlackElo "2514"]
[PlyCount "89"]
[EventDate "2007.??.??"]

1. d4 d5 2. Nf3 Nf6 3. c4 dxc4 4. Qa4+ Nc6 5. Nbd2 a6 6. Qxc4 Be6 7. Qd3 Nb4 8.
Qb1 Nc6 9. e3 g6 10. b3 Bg7 11. Bb2 O-O 12. Bc4 Bf5 13. e4 Bg4 14. h3 Bc8 15.
O-O Nh5 16. d5 Na7 17. Bxg7 Nxg7 18. Rd1 c6 19. b4 Nh5 20. Nb3 Qb6 21. Nbd4
cxd5 22. Bxd5 Nf4 23. Bc4 Nc6 24. Qc1 Nxd4 25. Rxd4 e5 26. Rd1 Bxh3 27. Nxe5
Qf6 28. g3 Qxe5 29. Qxf4 Qxf4 30. gxf4 Rac8 31. Bd5 Rc7 32. Rac1 Rfc8 33. Rxc7
Rxc7 34. a3 Kf8 35. Kh2 Bg4 36. Rd3 Ke7 37. Kg3 Be2 38. Re3 Bc4 39. Bxc4 Rxc4
40. f3 Rc1 41. Rd3 Rg1+ 42. Kh2 Rc1 43. Kg3 Rg1+ 44. Kh2 Rc1 45. Kg3 1/2-1/2

[Event "BL 0708 SK Zehlendorf - OSC Baden Baden"]
[Site "?"]
[Date "2007.10.20"]
[Round "1.1"]
[White "Svidler, Peter"]
[Black "Maksimenko, Andrei"]
[Result "1-0"]
[WhiteElo "2735"]
[BlackElo "2505"]
[PlyCount "53"]
[EventDate "2007.??.??"]

1. e4 e5 2. Nf3 Nc6 3. Bb5 f5 4. d3 d6 5. exf5 Bxf5 6. d4 exd4 7. O-O Bd7 8.
Re1+ Be7 9. c3 Nf6 10. cxd4 O-O 11. Nc3 Bg4 12. Be2 Qd7 13. h3 Bh5 14. d5 Bxf3
15. Bxf3 Ne5 16. Be2 c6 17. Be3 Kh8 18. a4 a5 19. Rb1 Rfe8 20. Bf1 Bf8 21. b4
axb4 22. Rxb4 Qf7 23. Qb3 Nxd5 24. Rxb7 Qg6 25. Nxd5 cxd5 26. Qxd5 Rec8 27. a5
1-0

[Event "BL 0708 SK Zehlendorf - OSC Baden Baden"]
[Site "?"]
[Date "2007.10.20"]
[Round "1.2"]
[White "Berczes, David"]
[Black "Movsesian, Sergei"]
[Result "0-1"]
[WhiteElo "2450"]
[BlackElo "2667"]
[PlyCount "76"]
[EventDate "2007.??.??"]

1. d4 Nf6 2. c4 e6 3. Nf3 d5 4. Nc3 Bb4 5. Bg5 Nbd7 6. cxd5 exd5 7. e3 O-O 8.
Bd3 c5 9. O-O c4 10. Bc2 Bxc3 11. bxc3 Qa5 12. Ne5 Ne4 13. Be7 Re8 14. Bb4 Qc7
15. Nxf7 a5 16. Bxe4 Rxe4 17. Ba3 Kxf7 18. Qh5+ Ke6 19. f3 Nf6 20. Qg5 h6 21.
Qg6 Rh4 22. g3 Rh5 23. f4 Rf5 24. g4 Kd7 25. gxf5 Kc6 26. e4 dxe4 27. Rab1 b6
28. d5+ Kb7 29. d6 Qc6 30. d7 Bxd7 31. Rfd1 b5 32. Qf7 e3 33. Be7 Ne4 34. Rxd7+
Qxd7 35. Qxc4 Nd2 36. Qxb5+ Qxb5 37. Rxb5+ Kc6 38. Rb2 Re8 0-1

[Event "BL 0708 SK Zehlendorf - OSC Baden Baden"]
[Site "?"]
[Date "2007.10.20"]
[Round "1.3"]
[White "Naiditsch, Arkadij"]
[Black "Prohaszka, Peter"]
[Result "1-0"]
[WhiteElo "2652"]
[BlackElo "2486"]
[PlyCount "123"]
[EventDate "2007.??.??"]

1. e4 c6 2. d4 d5 3. Nc3 dxe4 4. Nxe4 Nd7 5. Nf3 Ngf6 6. Ned2 Nb6 7. a4 Bg4 8.
a5 Nbd7 9. a6 b6 10. h3 Bxf3 11. Nxf3 Qc7 12. Bd3 e6 13. O-O Bd6 14. Re1 O-O
15. Qe2 c5 16. c3 Rad8 17. Bb5 Bf4 18. Bxf4 Qxf4 19. Rad1 h6 20. Rd2 cxd4 21.
Rxd4 Qc7 22. Red1 Nc5 23. Qe5 Qc8 24. b4 Rxd4 25. Nxd4 Nxa6 26. Nc6 Qc7 27. f4
Qxe5 28. fxe5 Nc7 29. Bf1 Ne4 30. Rd7 Na8 31. c4 a5 32. Bd3 Nc3 33. b5 g5 34.
Kf2 Kg7 35. Ke3 h5 36. Bc2 Na2 37. Be4 Rc8 38. Ra7 Nc7 39. Ne7 Nxb5 40. Nxc8
Nxa7 41. Nxa7 Nb4 42. Kd4 a4 43. Nc8 a3 44. Kc3 a2 45. Kb2 f5 46. exf6+ Kxf6
47. Nxb6 Ke5 48. Bg6 h4 49. Nd7+ Kd4 50. Nf8 Ke5 51. Bf7 g4 52. hxg4 Nc2 53.
Kxa2 Ne3 54. g5 Nxg2 55. g6 Kf6 56. Nh7+ Kg7 57. Ng5 Ne1 58. Nxe6+ Kf6 59. Nf4
Nc2 60. Kb2 Nd4 61. Nh5+ Ke7 62. Bd5 1-0

[Event "BL 0708 SK Zehlendorf - OSC Baden Baden"]
[Site "?"]
[Date "2007.10.20"]
[Round "1.5"]
[White "Dautov, Rustem"]
[Black "Berger, Steve"]
[Result "1-0"]
[WhiteElo "2590"]
[BlackElo "2399"]
[PlyCount "71"]
[EventDate "2007.??.??"]

1. d4 g6 2. c4 Bg7 3. Nf3 d6 4. Nc3 e5 5. dxe5 dxe5 6. Qxd8+ Kxd8 7. Bd2 Be6 8.
O-O-O Nd7 9. Ng5 Bxc4 10. b3 h6 11. bxc4 hxg5 12. Bxg5+ f6 13. Bd2 c6 14. g4
Kc7 15. Ne4 Rh4 16. h3 Nh6 17. Bg2 Nf7 18. f4 f5 19. Ba5+ b6 20. Be1 Rhh8 21.
gxf5 exf4 22. fxg6 Nfe5 23. Bc3 Rh6 24. h4 Rxg6 25. Bh3 Rd8 26. Ng5 Re8 27. Bf5
Rf6 28. Bxd7 Nxd7 29. Bxf6 Bxf6 30. Rhf1 Bxg5 31. hxg5 Re4 32. e3 Rxe3 33. Rxf4
Ne5 34. Rh4 b5 35. cxb5 cxb5 36. Rg1 1-0

[Event "BL 0708 SK Zehlendorf - OSC Baden Baden"]
[Site "?"]
[Date "2007.10.20"]
[Round "1.7"]
[White "Doettling, Fabian"]
[Black "Orzech, Dominik"]
[Result "1/2-1/2"]
[WhiteElo "2537"]
[BlackElo "2394"]
[PlyCount "154"]
[EventDate "2007.??.??"]

1. d4 d5 2. Nf3 Nf6 3. c4 c6 4. cxd5 cxd5 5. Nc3 Nc6 6. Bf4 a6 7. Rc1 Bf5 8. e3
e6 9. Qb3 Ra7 10. Ne5 Nd7 11. Nxd7 Qxd7 12. Be2 Bd6 13. Bxd6 Qxd6 14. O-O O-O
15. Qb6 Qd8 16. Na4 Qxb6 17. Nxb6 Rd8 18. Rc5 f6 19. Rfc1 Bg6 20. Bd1 Be8 21.
Ba4 Kf8 22. Bxc6 bxc6 23. Na4 a5 24. f3 Rb8 25. b3 Ke7 26. Kf2 Kd6 27. R5c2 Rb4
28. Nc5 e5 29. Rd2 Re7 30. Na4 h6 31. Rc5 Ra7 32. Rc3 Re7 33. Rc1 Bg6 34. Rdd1
Ra7 35. Rc3 Be8 36. Nc5 Bg6 37. Na4 Be8 38. Rc2 Bg6 39. Rcd2 Re7 40. Rc1 Ra7
41. Nc5 Re7 42. Rdd1 Ra7 43. a3 Rb8 44. Ke1 Re7 45. Kd2 Rbe8 46. Re1 Bh7 47.
Ra1 Ra7 48. b4 Rb8 49. Kc3 axb4+ 50. axb4 Rba8 51. Ra5 Bf5 52. Rea1 Rxa5 53.
bxa5 h5 54. Ra2 Bc8 55. f4 e4 56. Kd2 g6 57. Ke1 Kc7 58. Kf2 h4 59. Ra3 Kd6 60.
Ke1 Kc7 61. Kd2 Kd6 62. Kc3 Kc7 63. Ra2 Kd6 64. a6 Kc7 65. a7 Kb6 66. Kb4 Rxa7
67. Rxa7 Kxa7 68. Ka5 Bf5 69. Na4 Kb7 70. Kb4 Kc7 71. Kc5 Bg4 72. Nc3 Bc8 73.
Na2 Bb7 74. Nb4 Ba8 75. Na2 Bb7 76. Nb4 Ba8 77. Na2 Bb7 1/2-1/2

[Event "BL 0708 SK Zehlendorf - OSC Baden Baden"]
[Site "?"]
[Date "2007.10.20"]
[Round "1.8"]
[White "Brener, Ilia"]
[Black "Strohhaeker, Raoul"]
[Result "0-1"]
[WhiteElo "2382"]
[BlackElo "2396"]
[PlyCount "86"]
[EventDate "2007.??.??"]

1. Nf3 c5 2. c4 Nf6 3. Nc3 e6 4. g3 b6 5. Bg2 Bb7 6. O-O Be7 7. Re1 O-O 8. e4
d6 9. d4 cxd4 10. Nxd4 Qc8 11. Be3 a6 12. Rc1 Nbd7 13. f4 Re8 14. Bf2 g6 15. b4
Bf8 16. Nb3 Qxc4 17. Nb1 Qxb4 18. a3 Qb5 19. Nd4 Qh5 20. Bf3 Qh3 21. Rc7 Nc5
22. Bg2 Qh6 23. Nc3 Rac8 24. Rxb7 Nxb7 25. e5 dxe5 26. fxe5 Rxc3 27. exf6 Nc5
28. Qa1 Rd3 29. Bf1 Nb3 30. Qb1 Rxd4 31. Qxb3 Rd2 32. Qxb6 Rc8 33. Re2 Rxe2 34.
Bxe2 Qc1+ 35. Bf1 Bc5 36. Qxa6 Bxf2+ 37. Kxf2 Qb2+ 38. Kg1 Qd4+ 39. Kh1 Qe4+
40. Kg1 Qe3+ 41. Kh1 Qf3+ 42. Kg1 Rc2 43. Qb6 Qxf6 0-1

[Event "BL 0708 SC Kreuzberg - SG Turm Trier"]
[Site "?"]
[Date "2007.10.20"]
[Round "1.2"]
[White "Socko, Bartosz"]
[Black "Bobras, Piotr"]
[Result "1-0"]
[WhiteElo "2660"]
[BlackElo "2558"]
[PlyCount "49"]
[EventDate "2007.??.??"]

1. e4 e5 2. Nf3 Nc6 3. Bb5 a6 4. Bxc6 dxc6 5. O-O Ne7 6. Nxe5 Qd4 7. Qh5 g6 8.
Qg5 Bg7 9. Nd3 f5 10. e5 c5 11. b3 b6 12. Bb2 Qg4 13. Qe3 Nd5 14. Qg3 f4 15.
Qxg4 Bxg4 16. Nc3 O-O-O 17. Nxd5 Rxd5 18. f3 Bf5 19. Nxf4 Rxd2 20. g4 Rxc2 21.
gxf5 Rxb2 22. f6 Bh6 23. Nd5 Rd8 24. Rad1 Bd2 25. Rf2 1-0

[Event "BL 0708 SC Kreuzberg - SG Turm Trier"]
[Site "?"]
[Date "2007.10.20"]
[Round "1.3"]
[White "Flumbort, Andras"]
[Black "Tischbierek, Raj"]
[Result "1-0"]
[WhiteElo "2509"]
[BlackElo "2487"]
[PlyCount "113"]
[EventDate "2007.??.??"]

1. d4 d5 2. c4 c6 3. Nf3 Nf6 4. Nc3 dxc4 5. a4 Bf5 6. Ne5 Nbd7 7. Nxc4 Nb6 8.
Ne5 a5 9. g3 Nfd7 10. Nxd7 Qxd7 11. e4 Bh3 12. Bxh3 Qxh3 13. Qb3 Ra6 14. Be3 e6
15. O-O-O Bb4 16. d5 exd5 17. exd5 O-O 18. dxc6 bxc6 19. Qc2 Bxc3 20. bxc3 Nd5
21. Bc5 Re8 22. Rhe1 Rxe1 23. Rxe1 Ra8 24. Qb3 Qc8 25. Bd6 h6 26. c4 Qd7 27.
Bc5 Nb4 28. Rd1 Qf5 29. Bxb4 axb4 30. f4 Qc5 31. Kb2 Re8 32. Rd2 g6 33. Qd3 b3
34. Qxb3 Re3 35. Qb8+ Kg7 36. Qd6 Qb6+ 37. Kc1 Re4 38. Qd3 Re3 39. Qd4+ Qxd4
40. Rxd4 Ra3 41. c5 Rc3+ 42. Kb2 Rxc5 43. Kb3 Rc1 44. a5 Rb1+ 45. Ka2 Rb8 46.
a6 Kf6 47. a7 Ra8 48. Rd7 Kf5 49. Rxf7+ Kg4 50. Rh7 h5 51. Kb3 Kf3 52. Kc4 Kg2
53. Rg7 Kxh2 54. Kc5 Kxg3 55. f5 Kf4 56. f6 h4 57. f7 1-0

[Event "BL 0708 SC Kreuzberg - SG Turm Trier"]
[Site "?"]
[Date "2007.10.20"]
[Round "1.4"]
[White "Kalinitschew, Sergey"]
[Black "Jaracz, Pawel"]
[Result "1/2-1/2"]
[WhiteElo "2476"]
[BlackElo "2495"]
[PlyCount "119"]
[EventDate "2007.??.??"]

1. Nf3 d5 2. d4 Nf6 3. c4 c6 4. e3 Bf5 5. Nc3 e6 6. Nh4 Be4 7. f3 Bg6 8. Qb3
Qc7 9. Bd2 a6 10. Rc1 dxc4 11. Bxc4 Be7 12. Nxg6 hxg6 13. f4 Nbd7 14. O-O g5
15. e4 Qd6 16. Be3 Ng4 17. e5 Qb4 18. Qxb4 Bxb4 19. Bd2 Nxh2 20. Rfd1 gxf4 21.
Bxf4 Ng4 22. Ne4 Nb6 23. Be2 Nd5 24. Bd2 Nge3 25. Bxb4 Nxb4 26. Nd6+ Ke7 27.
Rd2 Nf5 28. Rc4 Nd5 29. Nxb7 Ng3 30. Bf3 Ne3 31. Rxc6 Rac8 32. Rxc8 Rxc8 33.
Kf2 Nef5 34. Nc5 Nh1+ 35. Kg1 Nhg3 36. b4 Rh8 37. Kf2 Rh4 38. d5 exd5 39. Rxd5
Rxb4 40. Rd7+ Ke8 41. Rb7 Rf4 42. Nxa6 Rc4 43. Rc7 Ne4+ 44. Ke1 Ra4 45. Ra7 Kf8
46. Ra8+ Ke7 47. Nc7 Rxa8 48. Nxa8 Nc3 49. a3 Ke6 50. Nb6 Kxe5 51. a4 Nd4 52.
Kd2 Nxa4 53. Nxa4 Nxf3+ 54. gxf3 Kf4 55. Ke2 g5 56. Nc5 g4 57. Nd3+ Kf5 58. Ke3
gxf3 59. Kxf3 f6 60. Kg3 1/2-1/2

[Event "BL 0708 SC Kreuzberg - SG Turm Trier"]
[Site "?"]
[Date "2007.10.20"]
[Round "1.5"]
[White "Gonda, Laszlo"]
[Black "Volke, Karsten"]
[Result "1/2-1/2"]
[WhiteElo "2485"]
[BlackElo "2472"]
[PlyCount "109"]
[EventDate "2007.??.??"]

1. d4 Nf6 2. c4 e6 3. Nc3 Bb4 4. Qc2 O-O 5. a3 Bxc3+ 6. Qxc3 b6 7. Nf3 Bb7 8.
Bg5 d6 9. e3 Nbd7 10. Nd2 c5 11. dxc5 bxc5 12. Bd3 a5 13. O-O Qb6 14. Rfd1 Rfe8
15. Qc2 a4 16. Nf1 Bc6 17. Rd2 d5 18. cxd5 Bxd5 19. e4 Bb3 20. Qc3 c4 21. Bc2
Qa5 22. Bxf6 Nxf6 23. Qxa5 Rxa5 24. f3 g5 25. Bxb3 cxb3 26. Rc1 Raa8 27. Ne3
Red8 28. Rxd8+ Rxd8 29. Rd1 Ra8 30. Rd4 Kf8 31. Kf2 Ke7 32. Nd1 Nd7 33. Nc3 Nc5
34. e5 Ra5 35. Ke3 h5 36. g3 Nd7 37. f4 gxf4+ 38. gxf4 f6 39. exf6+ Nxf6 40.
Rxa4 Ng4+ 41. Ke2 Rxa4 42. Nxa4 Nxh2 43. Nc5 Ng4 44. Nxb3 e5 45. Kf3 exf4 46.
Kxf4 Kd6 47. Kg5 Ne5 48. Nd2 Nd3 49. b3 Kd5 50. Kxh5 Kd4 51. b4 Kc3 52. Ne4+
Kc4 53. Nd6+ Kd5 54. Ne8 Nxb4 55. a4 1/2-1/2

[Event "BL 0708 SC Kreuzberg - SG Turm Trier"]
[Site "?"]
[Date "2007.10.20"]
[Round "1.6"]
[White "Paehtz, Elisabeth"]
[Black "Galyas, Miklos"]
[Result "1/2-1/2"]
[WhiteElo "2457"]
[BlackElo "2486"]
[PlyCount "41"]
[EventDate "2007.??.??"]

1. e4 c5 2. Nc3 d6 3. Nge2 Nf6 4. d4 cxd4 5. Nxd4 a6 6. Bc4 e6 7. Bb3 Nbd7 8.
Bg5 Qa5 9. Qd2 Be7 10. O-O Nc5 11. Rad1 Nfxe4 12. Nxe4 Qxd2 13. Nxd6+ Bxd6 14.
Bxd2 Nxb3 15. Nxb3 Be7 16. Na5 f6 17. Be3 e5 18. Nc4 Be6 19. Nd6+ Bxd6 20. Rxd6
Kf7 21. Rfd1 1/2-1/2

[Event "BL 0708 SC Kreuzberg - SG Turm Trier"]
[Site "?"]
[Date "2007.10.20"]
[Round "1.7"]
[White "Seger, Ruediger"]
[Black "Loeffler, Stefan"]
[Result "1-0"]
[WhiteElo "2401"]
[BlackElo "2419"]
[PlyCount "111"]
[EventDate "2007.??.??"]

1. e4 Nf6 2. e5 Nd5 3. d4 d6 4. Nf3 dxe5 5. Nxe5 c6 6. Bd3 Nd7 7. Nxd7 Qxd7 8.
O-O g5 9. Re1 Nf4 10. Be4 Bg7 11. c3 Qg4 12. Bf3 Qf5 13. Na3 Be6 14. Be4 Qf6
15. Qf3 Rd8 16. Nc2 h5 17. Bxf4 gxf4 18. h3 Qh4 19. Nb4 Rg8 20. Bh7 Rh8 21.
Rxe6 fxe6 22. Bg6+ Kd7 23. Re1 Kc7 24. Nd3 Rd6 25. Bf7 Rh6 26. Re4 Qg5 27. Rxf4
Qa5 28. a3 e5 29. Rf5 e6 30. Rg5 Rf6 31. Qg3 Bh6 32. Rxe5 Qa4 33. Bxh5 Qc2 34.
Re1 e5 35. Rxe5 Kb6 36. Re1 Qd2 37. Rd1 Qc2 38. Bg4 Rd8 39. Rf1 Rdf8 40. Rd1
Bd2 41. d5 cxd5 42. Nb4 Qe4 43. Qd3 Qxd3 44. Nxd3 Bh6 45. Bf3 Rd6 46. Nb4 Kc5
47. Re1 a5 48. Nc2 Rb6 49. b4+ Kc4 50. bxa5 Rxf3 51. axb6 Rxc3 52. Ne3+ Kc5 53.
h4 Rxa3 54. Nf5 Bd2 55. Rd1 Ra2 56. h5 1-0

[Event "BL 0708 SC Kreuzberg - SG Turm Trier"]
[Site "?"]
[Date "2007.10.20"]
[Round "1.8"]
[White "Richter, Michael"]
[Black "Kolbus, Dietmar"]
[Result "1/2-1/2"]
[WhiteElo "2399"]
[BlackElo "2384"]
[PlyCount "124"]
[EventDate "2007.??.??"]

1. d4 Nf6 2. Bg5 e6 3. e4 h6 4. Bxf6 Qxf6 5. Nc3 Bb4 6. a3 Bxc3+ 7. bxc3 d6 8.
Bd3 e5 9. Ne2 Nc6 10. Qd2 Bd7 11. Qe3 Qe7 12. Rb1 b6 13. f4 Na5 14. O-O c5 15.
Ng3 Nc6 16. fxe5 cxd4 17. cxd4 dxe5 18. d5 Na5 19. Bb5 Bxb5 20. Rxb5 g6 21. Rb4
Rc8 22. Kh1 Rxc2 23. Rc1 Rc7 24. Rbb1 Nb7 25. Rxc7 Qxc7 26. Rc1 Nc5 27. Ne2 Kf8
28. Nc3 Qd6 29. Nb5 Qd7 30. a4 Kg7 31. Qc3 Re8 32. Qc4 Rc8 33. h3 Rf8 34. a5 f5
35. Nxa7 Qxa7 36. axb6 Qxb6 37. Qxc5 Qxc5 38. Rxc5 fxe4 39. Rc4 Rf1+ 40. Kh2
Rd1 41. Rxe4 Rxd5 42. Ra4 Rd6 43. Kg3 Kf6 44. Ra3 Kf5 45. Kf3 h5 46. Rb3 Rd4
47. Ra3 Rd2 48. g4+ hxg4+ 49. hxg4+ Kg5 50. Ra5 Rd3+ 51. Ke2 Rg3 52. Rxe5+ Kxg4
53. Kf2 Kh3 54. Re8 g5 55. Rh8+ Kg4 56. Ra8 Rb3 57. Ra1 Rb2+ 58. Kg1 Kh4 59.
Rc1 g4 60. Ra1 Kh3 61. Rc1 Rg2+ 62. Kh1 Rh2+ 1/2-1/2

[Event "BL 0708 SC Remagen - Erfurter SK"]
[Site "?"]
[Date "2007.10.20"]
[Round "1.1"]
[White "Kraemer, Martin"]
[Black "Fedorchuk, Sergey"]
[Result "1/2-1/2"]
[WhiteElo "2437"]
[BlackElo "2618"]
[PlyCount "72"]
[EventDate "2007.??.??"]

1. d4 Nf6 2. c4 e6 3. g3 Bb4+ 4. Bd2 Qe7 5. Bg2 Nc6 6. Nf3 Bxd2+ 7. Nbxd2 d6 8.
O-O O-O 9. Rc1 a5 10. h3 e5 11. d5 Nb8 12. e4 Na6 13. Ne1 Nc5 14. Qc2 c6 15.
Nd3 Nfd7 16. b3 Nxd3 17. Qxd3 Nc5 18. Qe3 b5 19. cxb5 cxb5 20. Rfe1 Ba6 21. Bf1
Qd7 22. h4 Qb7 23. a3 b4 24. Bxa6 Qxa6 25. axb4 axb4 26. Nc4 Nd7 27. Kg2 f5 28.
exf5 Rxf5 29. Ra1 Qb7 30. Rxa8+ Qxa8 31. Nxd6 Rf6 32. Nc4 Qxd5+ 33. Qe4 Qxe4+
34. Rxe4 Nc5 35. Rxe5 Nxb3 36. Rb5 Nc1 1/2-1/2

[Event "BL 0708 SC Remagen - Erfurter SK"]
[Site "?"]
[Date "2007.10.20"]
[Round "1.3"]
[White "Haba, Petr"]
[Black "Degraeve, Jean-Marc"]
[Result "1-0"]
[WhiteElo "2526"]
[BlackElo "2520"]
[PlyCount "81"]
[EventDate "2007.??.??"]

1. d4 e6 2. e4 d5 3. e5 c5 4. c3 Qb6 5. Nf3 Bd7 6. a3 Bb5 7. Bxb5+ Qxb5 8. a4
Qd7 9. dxc5 Bxc5 10. b4 Bb6 11. a5 Bc7 12. O-O Ne7 13. Bf4 Nbc6 14. Qe2 a6 15.
Rd1 O-O 16. Nbd2 d4 17. c4 Nxb4 18. Nb3 Nbc6 19. Nfxd4 Nxd4 20. Nxd4 Ng6 21.
Bg3 Rfd8 22. h4 Qe8 23. Qe4 Rd7 24. Nb3 Rxd1+ 25. Rxd1 Qc6 26. Qxc6 bxc6 27.
Rd7 Bxe5 28. h5 Nf4 29. Kh2 g5 30. h6 Ng6 31. Nc5 Bxg3+ 32. Kxg3 Ne5 33. Rc7
Nxc4 34. Nd7 Nd6 35. Nf6+ Kh8 36. Kg4 Ne8 37. Nxe8 Rxe8 38. Kxg5 Rg8+ 39. Kf6
Rxg2 40. Rc8+ Rg8 41. Rxc6 1-0

[Event "BL 0708 SC Remagen - Erfurter SK"]
[Site "?"]
[Date "2007.10.20"]
[Round "1.4"]
[White "Popovic, Petar"]
[Black "Kuczynski, Robert"]
[Result "1/2-1/2"]
[WhiteElo "2474"]
[BlackElo "2490"]
[PlyCount "88"]
[EventDate "2007.??.??"]

1. e4 c5 2. Nf3 d6 3. d4 cxd4 4. Nxd4 Nf6 5. Nc3 a6 6. g3 e5 7. Nde2 Be7 8. Bg2
b5 9. Nd5 Nxd5 10. Qxd5 Ra7 11. Be3 Be6 12. Qd2 Rb7 13. Nc3 Nd7 14. Nd5 Bxd5
15. Qxd5 Qc7 16. Qd2 O-O 17. O-O Nc5 18. Rfc1 Qc6 19. f3 Na4 20. c3 Rc7 21. Rd1
Rb8 22. Rac1 Nc5 23. b3 Nd7 24. c4 b4 25. f4 Nf6 26. Qe2 Rcc8 27. g4 Nd7 28. f5
h6 29. Qf2 Bd8 30. Rc2 Nf6 31. h3 Nxe4 32. Qf3 Bb6 33. Kh1 Nc3 34. Qxc6 Rxc6
35. Rxc3 bxc3 36. Bxc6 Bxe3 37. Be4 Bd4 38. Kg2 Kf8 39. Kf3 Ke7 40. Bc2 Rc8 41.
Ke4 a5 42. h4 Rb8 43. Rf1 Rc8 44. Rf3 Rb8 1/2-1/2

[Event "BL 0708 SC Remagen - Erfurter SK"]
[Site "?"]
[Date "2007.10.20"]
[Round "1.5"]
[White "Machelett, Heiko"]
[Black "Mainka, Romuald"]
[Result "1/2-1/2"]
[WhiteElo "2430"]
[BlackElo "2499"]
[PlyCount "91"]
[EventDate "2007.??.??"]

1. Nf3 c5 2. c4 Nc6 3. Nc3 Nd4 4. Ng1 Nc6 5. Nf3 Nf6 6. d4 cxd4 7. Nxd4 e6 8.
a3 Bc5 9. Nb3 Be7 10. e4 O-O 11. Be2 b6 12. O-O Bb7 13. Be3 d6 14. Rc1 Rc8 15.
f4 Rc7 16. Bf3 Qa8 17. Qe2 Nb8 18. Bd4 Rfc8 19. e5 dxe5 20. fxe5 Ne8 21. Ne4
Nd7 22. Qf2 f5 23. exf6 Nexf6 24. Nxf6+ gxf6 25. Bg4 e5 26. Be3 Kh8 27. Be6 Rd8
28. Qg3 Be4 29. Nd2 Bg6 30. Bd5 Qc8 31. Nf3 Bc5 32. Bxc5 Nxc5 33. Nh4 Rg7 34.
Qf3 Rf8 35. Rce1 Qc7 36. Nf5 Bxf5 37. Qxf5 Nd7 38. b4 a5 39. Be6 axb4 40. axb4
Qc6 41. Re2 Qd6 42. Bxd7 Rxd7 43. Rxe5 Qd4+ 44. Kh1 Qxc4 45. Re4 Rd4 46. Rxd4
1/2-1/2

[Event "BL 0708 SC Remagen - Erfurter SK"]
[Site "?"]
[Date "2007.10.20"]
[Round "1.6"]
[White "Boidman, Yuri"]
[Black "Mueller, Matthias"]
[Result "1/2-1/2"]
[WhiteElo "2444"]
[BlackElo "2405"]
[PlyCount "83"]
[EventDate "2007.??.??"]

1. e4 e5 2. Nf3 Nc6 3. Bb5 a6 4. Ba4 Nf6 5. O-O Be7 6. Bxc6 dxc6 7. d3 Nd7 8.
Nbd2 O-O 9. Nc4 f6 10. Nh4 Nc5 11. Nf5 Bxf5 12. exf5 Qd7 13. f4 e4 14. b4 exd3
15. bxc5 Qd4+ 16. Be3 Qxc4 17. Qxd3 Qxd3 18. cxd3 Rfd8 19. Rfd1 Rd5 20. Rab1
Rb8 21. d4 Rxf5 22. Rd3 b5 23. Ra3 Ra8 24. Ra5 Rd5 25. Rb3 f5 26. Rba3 Bf6 27.
Rxa6 Rxa6 28. Rxa6 Bxd4 29. Bxd4 Rxd4 30. Rxc6 Rxf4 31. Rxc7 Rc4 32. Kf2 h5 33.
c6 g6 34. Ke3 Kf8 35. Kd3 Ke8 36. a4 Rxa4 37. Rg7 Kd8 38. Rxg6 Kc7 39. Rf6 Rg4
40. h3 Rxg2 41. Kd4 Kb6 42. Rxf5 1/2-1/2

[Event "BL 0708 SC Remagen - Erfurter SK"]
[Site "?"]
[Date "2007.10.20"]
[Round "1.7"]
[White "Enders, Peter"]
[Black "Swinkels, Robin"]
[Result "1/2-1/2"]
[WhiteElo "2441"]
[BlackElo "2440"]
[PlyCount "111"]
[EventDate "2007.??.??"]

1. e4 c5 2. Nf3 d6 3. d4 cxd4 4. Nxd4 Nf6 5. Nc3 Nc6 6. Bc4 Qb6 7. Ndb5 a6 8.
Be3 Qa5 9. Nd4 e6 10. O-O Be7 11. Bb3 O-O 12. Kh1 Bd7 13. f4 Rae8 14. Qd3 Nxd4
15. Bxd4 Bc6 16. f5 Bd7 17. fxe6 Bxe6 18. Rae1 Qh5 19. h3 Nd7 20. Nd5 Ne5 21.
Nxe7+ Rxe7 22. Qg3 Qg6 23. Bxe5 dxe5 24. Qxg6 hxg6 25. Rd1 Bxb3 26. axb3 f5 27.
Kg1 Rf6 28. Rf3 Kf7 29. Rc3 fxe4 30. Re1 Rf4 31. g3 Rf3 32. Rxe4 Rxc3 33. bxc3
Rd7 34. Rxe5 Rd2 35. Rc5 Rxc2 36. Rc7+ Kg8 37. b4 b5 38. Rc6 Kh7 39. h4 Ra2 40.
Rc5 Rd2 41. g4 Re2 42. Rc6 Re4 43. g5 Rxh4 44. Kf2 Rg4 45. Rc5 Re4 46. Kf3 Re6
47. Rc8 Re5 48. Kf4 Rf5+ 49. Kg4 Rf7 50. Rc6 Ra7 51. Rc8 a5 52. bxa5 Rxa5 53.
Rb8 Ra4+ 54. Kf3 Rc4 55. Rxb5 Rxc3+ 56. Kf4 1/2-1/2

[Event "BL 0708 SC Remagen - Erfurter SK"]
[Site "?"]
[Date "2007.10.20"]
[Round "1.8"]
[White "Schulz, Klaus-Juergen"]
[Black "Casper, Thomas"]
[Result "0-1"]
[WhiteElo "2401"]
[BlackElo "2421"]
[PlyCount "66"]
[EventDate "2007.??.??"]

1. d4 Nf6 2. Nf3 d6 3. c4 Nbd7 4. Nc3 e5 5. e4 g6 6. g3 Bg7 7. Bg2 O-O 8. O-O
c6 9. h3 Ne8 10. Bg5 f6 11. Be3 f5 12. d5 f4 13. dxc6 bxc6 14. Bd2 fxg3 15.
fxg3 Qb6+ 16. Rf2 Nc5 17. Be3 Qb4 18. Bf1 a5 19. Rc1 a4 20. Nb5 Nxe4 21. Rfc2
Kh8 22. a3 Qb3 23. Nc3 Nxc3 24. Rxc3 Qxd1 25. Rxd1 Rxf3 26. Bg2 Rf8 27. Bxc6
Rb8 28. Rd2 e4 29. Rcc2 Bxh3 30. Bxe4 Bf5 31. Bxf5 Rxf5 32. Bf4 Be5 33. Bxe5+
Rxe5 0-1